[Event "WCh Women Playoff"]
[Site "Antakya TUR"]
[Date "2010.12.24"]
[Round "4"]
[White "Hou, Yifan"]
[Black "Ruan, Lufei"]
[Result "1-0"]
[WhiteElo "2591"]
[BlackElo "2480"]
[PlyCount "83"]
[EventDate "2010.12.24"]

1. e4 e5 2. Nf3 Nc6 3. Bb5 Nd4 4. Nxd4 exd4 5. O-O Bc5 6. Bc4 d6 7. c3 Ne7 8.
d3 O-O 9. Bg5 Kh8 10. Nd2 f6 11. Bh4 c6 12. Qe2 d5 13. Bb3 dxc3 14. bxc3 d4 15.
cxd4 Bxd4 16. Rad1 Ng6 17. Bg3 Ne5 18. h3 a5 19. a4 Qe7 20. Kh1 c5 21. f4 Nc6
22. Nf3 Be6 23. Bxe6 Qxe6 24. Rb1 Qd7 25. Rfd1 Rfc8 26. Rb5 Nb4 27. Be1 b6 28.
Nxd4 Qxd4 29. Bf2 Qd6 30. e5 fxe5 31. fxe5 Qe6 32. d4 c4 33. d5 Qf5 34. d6 Nd3
35. Bxb6 Re8 36. Qg4 Qf7 37. d7 Re7 38. e6 Rxe6 39. Qxc4 Qxd7 40. Rxd3 Re1+ 41.
Kh2 Qe7 42. Qc7 1-0

[Event "WCh Women"]
[Site "Antakya TUR"]
[Date "2010.12.21"]
[Round "6.2"]
[White "Ruan, Lufei"]
[Black "Hou, Yifan"]
[Result "0-1"]
[WhiteElo "2480"]
[BlackElo "2591"]
[PlyCount "118"]
[EventDate "2010.12.04"]

1. e4 c5 2. Nf3 e6 3. d4 cxd4 4. Nxd4 Nf6 5. Nc3 d6 6. Be2 Be7 7. O-O Nc6 8.
Be3 O-O 9. f4 e5 10. Nxc6 bxc6 11. Kh1 exf4 12. Bxf4 Be6 13. Bf3 Qb8 14. b3 Qb4
15. Qe1 a5 16. Rd1 Rfe8 17. e5 dxe5 18. Bxe5 Rac8 19. Qg3 g6 20. Na4 Nd5 21.
Bxd5 cxd5 22. Bc3 Qg4 23. Qxg4 Bxg4 24. Rxd5 Bb4 25. Bxb4 axb4 26. Rd2 Bf5 27.
Kg1 Rxc2 28. Rxc2 Bxc2 29. Kf2 Bd3 30. Re1 Rc8 31. Ke3 Bb5 32. Rd1 Re8+ 33. Kf4
Re2 34. g4 Bxa4 35. bxa4 Rxa2 36. Rd4 Rxa4 37. h4 Kf8 38. Re4 f6 39. Rc4 Ke7
40. Rd4 Ke6 41. Ke4 Ke7 42. Kf4 h6 43. h5 gxh5 44. gxh5 Kf7 45. Re4 Kf8 46. Kg4
f5+ 47. Kxf5 Ra5+ 48. Kg6 Ra6+ 49. Kh7 Rb6 50. Rf4+ Ke7 51. Rf1 b3 52. Kg7 b2
53. Rb1 Ke6 54. Kxh6 Kf5+ 55. Kg7 Kg5 56. Kf7 Kxh5 57. Ke7 Kg4 58. Kd7 Kf3 59.
Kc7 Rb3 0-1

[Event "WCh Women"]
[Site "Antakya TUR"]
[Date "2010.12.14"]
[Round "4.2"]
[White "Hou, Yifan"]
[Black "Lahno, Kateryna"]
[Result "1/2-1/2"]
[WhiteElo "2591"]
[BlackElo "2522"]
[PlyCount "86"]
[EventDate "2010.12.04"]

1. e4 d6 2. d4 g6 3. Nc3 Bg7 4. Be3 a6 5. Qd2 b5 6. a4 b4 7. Nd1 d5 8. exd5 Nf6
9. Bh6 Bxh6 10. Qxh6 Qxd5 11. Nf3 Bb7 12. Ne3 Qh5 13. Qxh5 Nxh5 14. Ne5 Nf4 15.
f3 a5 16. O-O-O e6 17. Bc4 c6 18. Rhe1 Nd5 19. Nxd5 cxd5 20. Bb5+ Ke7 21. c4
bxc3 22. bxc3 Rc8 23. Kd2 Nc6 24. Nd3 Nd8 25. Rb1 Rcb8 26. Rb3 Bc8 27. Reb1 Rb6
28. Nc5 Rab8 29. Bd3 Rxb3 30. Rxb3 Rxb3 31. Nxb3 Bd7 32. Nxa5 Bxa4 33. c4 dxc4
34. Bxc4 Nc6 35. Nxc6+ Bxc6 36. h4 Kf6 37. Ke3 h6 38. g3 g5 39. hxg5+ hxg5 40.
Bb3 Ke7 41. Bc4 Kd6 42. Bb3 Bd5 43. Bd1 f6 1/2-1/2

[Event "WCh Women"]
[Site "Antakya TUR"]
[Date "2010.12.11"]
[Round "3.2"]
[White "Zhu, Chen"]
[Black "Hou, Yifan"]
[Result "1-0"]
[WhiteElo "2477"]
[BlackElo "2591"]
[PlyCount "95"]
[EventDate "2010.12.04"]

1. d4 Nf6 2. c4 e6 3. Nc3 Bb4 4. Qc2 d5 5. a3 Bxc3+ 6. Qxc3 Ne4 7. Qc2 c5 8.
dxc5 Nc6 9. cxd5 exd5 10. Nf3 Qf6 11. h4 Bf5 12. Bg5 Qe6 13. Qc1 h6 14. Be3 Qf6
15. Bg5 Qe6 16. Bf4 d4 17. e3 O-O 18. Bc4 Qf6 19. exd4 Nxd4 20. Nxd4 Qxd4 21.
Be3 Qf6 22. O-O Qxh4 23. Bd5 Qe7 24. Re1 Rad8 25. Bxe4 Qxe4 26. Bg5 hxg5 27.
Rxe4 Bxe4 28. Qxg5 Bc6 29. Re1 Rd5 30. Qc1 Rfd8 31. b4 a6 32. Qf4 R5d7 33. Re3
Rd4 34. Qc7 R4d7 35. Qg3 Rd1+ 36. Kh2 R8d5 37. Qb8+ Rd8 38. Qc7 R1d7 39. Qf4
Rd4 40. Qf5 Rh4+ 41. Rh3 g6 42. Qc2 Rg4 43. f3 Rgd4 44. Qc3 R8d5 45. Kg3 Rg5+
46. Kf2 Rgd5 47. Ke3 Bd7 48. Rh1 1-0

[Event "WCh Women"]
[Site "Antakya TUR"]
[Date "2010.12.08"]
[Round "2.2"]
[White "Hou, Yifan"]
[Black "Romanko, Marina"]
[Result "1/2-1/2"]
[WhiteElo "2591"]
[BlackElo "2414"]
[PlyCount "78"]
[EventDate "2010.12.04"]

1. e4 c5 2. Nf3 Nf6 3. Ng1 Ng8 4. Nf3 Nf6 5. e5 Nd5 6. Nc3 Nxc3 7. dxc3 h6 8.
Be3 e6 9. Nd2 d5 10. exd6 Qxd6 11. Qh5 Qd5 12. Qxd5 exd5 13. Nb3 b6 14. O-O-O
Be6 15. Bb5+ Ke7 16. Be2 Nd7 17. Bf3 Nf6 18. c4 Rd8 19. cxd5 Nxd5 20. Bd2 g6
21. c4 Nb4 22. Bxb4 cxb4 23. Nd4 Rc8 24. b3 Kf6 25. Nxe6 fxe6 26. Rd7 a5 27.
Rhd1 Bc5 28. Be4 h5 29. R7d3 h4 30. f4 Rc7 31. Kd2 Ra7 32. Bc6 Rc8 33. Bd7 Rd8
34. Ke2 g5 35. fxg5+ Kxg5 36. Bc6 Rxd3 37. Rxd3 e5 38. Rd7 Rxd7 39. Bxd7 Bg1
1/2-1/2

[Event "WCh Women"]
[Site "Antakya TUR"]
[Date "2010.12.07"]
[Round "2.1"]
[White "Romanko, Marina"]
[Black "Hou, Yifan"]
[Result "0-1"]
[WhiteElo "2414"]
[BlackElo "2591"]
[PlyCount "110"]
[EventDate "2010.12.04"]

1. d4 Nf6 2. c4 e6 3. Nc3 Bb4 4. Qc2 O-O 5. a3 Bxc3+ 6. Qxc3 Qe8 7. f3 d5 8.
cxd5 Nxd5 9. Qc2 Qc6 10. Qb3 Qb6 11. Qxb6 axb6 12. Bd2 Nc6 13. e3 e5 14. dxe5
Nxe5 15. e4 Ne7 16. Bc3 N7c6 17. Kf2 Be6 18. Nh3 Bxh3 19. gxh3 f5 20. f4 fxe4
21. Ke3 Ng6 22. Bc4+ Kh8 23. Rad1 Nce7 24. Rd7 Nf5+ 25. Kxe4 Rae8+ 26. Kd3 Rd8
27. Rxd8 Rxd8+ 28. Ke2 Nxf4+ 29. Kf3 Nd5 30. Be5 c6 31. Rg1 Re8 32. Ke4 Nd6+
33. Kd4 Nf5+ 34. Ke4 Nd6+ 35. Kd4 Rxe5 36. Kxe5 Nxc4+ 37. Ke6 Kg8 38. b3 Nd2
39. Rg3 Ne4 40. Rg4 Nc5+ 41. Kd6 Nxb3 42. a4 Kf7 43. Rg3 Na5 44. Rf3+ Kg6 45.
Rg3+ Kh6 46. Rg4 g6 47. Ke6 Kg7 48. Kd6 Kf6 49. h4 Kf5 50. h3 Nb3 51. Rg5+ Kf6
52. Rg4 Nc5 53. a5 Ne3 54. Rf4+ Nf5+ 55. Kc7 bxa5 0-1

[Event "WCh Women"]
[Site "Antakya TUR"]
[Date "2010.12.05"]
[Round "1.2"]
[White "Heredia Serrano, Carla"]
[Black "Hou, Yifan"]
[Result "0-1"]
[WhiteElo "2087"]
[BlackElo "2591"]
[PlyCount "96"]
[EventDate "2010.12.04"]

1. e4 c5 2. Nf3 e6 3. d4 cxd4 4. Nxd4 Nf6 5. Nc3 d6 6. g3 Nc6 7. Bg2 Bd7 8. O-O
Be7 9. a4 O-O 10. Nxc6 bxc6 11. b3 e5 12. Ba3 Be6 13. Qd2 Qc7 14. h3 Rad8 15.
Rad1 d5 16. Bxe7 Qxe7 17. exd5 cxd5 18. Rfe1 d4 19. Ne4 Nxe4 20. Rxe4 f6 21.
Re2 Rc8 22. Rde1 Rc3 23. Kh2 Rfc8 24. Be4 Qd7 25. g4 f5 26. gxf5 Bxf5 27. Bd3
e4 28. Bxe4 Qd6+ 29. Kg1 Qg6+ 30. Bg2 Bxh3 31. f4 Rg3 32. Rf1 Bxg2 33. Rxg2
Rxc2 34. Qxc2 Qxc2 35. Rxg3 d3 36. Re3 d2 37. Re8+ Kf7 38. Rd8 Qg6+ 39. Kh2
Qh5+ 40. Kg3 Qe2 41. Rg1 h5 42. Rd7+ Ke6 43. Rxg7 d1=Q 44. Rxd1 Qxd1 45. Kh4
Qh1+ 46. Kg5 Qg2+ 47. Kh6 Qxg7+ 48. Kxg7 Kf5 0-1

[Event "WCh Women"]
[Site "Antakya TUR"]
[Date "2010.12.04"]
[Round "1.1"]
[White "Hou, Yifan"]
[Black "Heredia Serrano, Carla"]
[Result "1-0"]
[WhiteElo "2591"]
[BlackElo "2087"]
[PlyCount "69"]
[EventDate "2010.12.04"]

1. e4 c6 2. d4 d5 3. Nc3 dxe4 4. Nxe4 Bf5 5. Ng3 Bg6 6. h4 h6 7. Nf3 Nd7 8. h5
Bh7 9. Bd3 Bxd3 10. Qxd3 e6 11. Bd2 Ngf6 12. O-O-O Be7 13. Ne4 Nxe4 14. Qxe4
Nf6 15. Qd3 b5 16. Ne5 Qd5 17. Kb1 O-O 18. g4 Nd7 19. Nf3 c5 20. g5 hxg5 21.
Rdg1 c4 22. Qe3 b4 23. Bxb4 Bxb4 24. Rxg5 f5 25. h6 Rf7 26. hxg7 Rxg7 27. Rhg1
Bf8 28. Rxg7+ Bxg7 29. Qh6 Kf8 30. Rxg7 Ke8 31. Qh4 Qd6 32. Ng5 Qb4 33. Qh5+
Kd8 34. Nxe6+ Kc8 35. Qe8+ 1-0